Comptia cloud essentials certification study guide : (Record no. 83415)
[ view plain ]
| 000 -LEADER | |
|---|---|
| fixed length control field | 02141nam a22002417a 4500 |
| 005 - DATE AND TIME OF LATEST TRANSACTION | |
| control field | 20140506105458.0 |
| 010 ## - LCCN (DPL NO) | |
| LC control number | ENG-109693 |
| 020 ## - INTERNATIONAL STANDARD BOOK NUMBER | |
| International Standard Book Number | 9789339203603 |
| Terms of availability | 595.00 |
| 020 ## - INTERNATIONAL STANDARD BOOK NUMBER | |
| International Standard Book Number | 9339203607 |
| Terms of availability | 595.00 |
| 035 ## - SYSTEM CONTROL NUMBER | |
| System control number | EN-93226 |
| 037 ## - SOURCE OF ACQUISITION | |
| Source of stock number/acquisition | DBAD/PUB |
| 082 ## - DEWEY DECIMAL CLASSIFICATION NUMBER | |
| Classification number | 004.6782 |
| 245 00 - TITLE STATEMENT | |
| Title | Comptia cloud essentials certification study guide : |
| Remainder of title | exam CLO-001 / |
| Statement of responsibility, etc | by ITpreneurs |
| 260 ## - PUBLICATION, DISTRIBUTION, ETC. (IMPRINT) | |
| Place of publication, distribution, etc | New Delhi |
| Name of publisher, distributor, etc | McGraw Hill Education |
| Date of publication, distribution, etc | 2014 |
| 270 ## - ADDRESS | |
| Address | P-24, Green Park Extn. |
| City | New Delhi |
| Postal code | 110016 |
| 300 ## - PHYSICAL DESCRIPTION | |
| Extent | xxiv,180p. |
| Dimensions | 24cm(pbk) |
| 500 ## - GENERAL NOTE | |
| General note | Includes index |
| 520 ## - SUMMARY, ETC. | |
| Summary, etc | "Prepare for CompTIA Cloud Essentials Exam CL0-001 with McGraw-Hill--a Gold-Level CompTIA Authorized Partner offering Authorized CompTIA Approved Quality Content to give you the competitive edge on exam day.CompTIA Cloud Essentials Certification Study Guide offers the best study system for exam CL0-001. Designed for a broad audience and a variety of job roles, the CompTIA Cloud Essentials Certification is a specialty certification that aims to prove competency in the fundamental concepts and principles of cloud computing. CompTIA Cloud Essentials Certification Study Guide (Exam CL0-001) offers 100% coverage of the exam objectives woven into an integrated self-study system. The book teaches and reinforces practical skills through step-by-step exercises and special Exam Watch, Inside the Exam, and On-the-Job elements. Also included are end-of-chapter self-test questions with in-depth answer explanations. The CD-ROM includes two practice exams that mirror the actual exam in content, format, style, tone, and difficulty. CAPP Authorized and CompTIA reviewed and approved: CAQC (CompTIA Approved Quality Content) CD-ROM features two simulated practice exams in the MasterExam test engine software and an Adobe Digital Editions free eBook download (subject to Adobe’s system requirements) "-- |c Provided by publisher. |
| 650 ## - SUBJECT ADDED ENTRY--TOPICAL TERM | |
| Topical term or geographic name as entry element | Cloud computing |
| General subdivision | Examinations |
| Form subdivision | Study guides. |
| 650 ## - SUBJECT ADDED ENTRY--TOPICAL TERM | |
| Topical term or geographic name as entry element | Electronic data processing personnel |
| General subdivision | Certification. |
| 710 ## - ADDED ENTRY--CORPORATE NAME | |
| Corporate name or jurisdiction name as entry element | Computing Technology Industry Association. |
| 942 ## - ADDED ENTRY ELEMENTS (KOHA) | |
| Source of classification or shelving scheme | Dewey Decimal Classification |
| Item type | English Books |
| Call number suffix | COM |
| Classification part | 004.6782 |
| Withdrawn status | Lost status | Not for loan | Collection code | Home library | Current library | Date acquired | Source of acquisition | Cost, normal purchase price | Full call number | Barcode | Copy number | Cost, replacement price | Koha item type |
|---|---|---|---|---|---|---|---|---|---|---|---|---|---|
| Not For Loan | Non-fiction | D.B.Act.Division | D.B.Act.Division | 11/04/2014 | DBAD/PUB | 595.00 | 004.6782 COM | EN-93226 | 1 | 595.00 | English Books |
